Poetry/

Bewaard in:
Bibliografische gegevens
Coauteurs: Poetry Foundation, United States. Cambridge University Press
Formaat: Tijdschrift
Taal:English
Gepubliceerd in: Chicago cPoetry Foundation,
Tags: Voeg label toe
Geen labels, Wees de eerste die dit record labelt!
Thư viện lưu trữ: Thư viện Trường Đại học Đà Lạt
LEADER 00562nam a2200241 4500
001 DLU080062741
040 # # |a DLU  |b eng 
041 # # |a eng 
245 # # |a Poetry/  |c Poetry Foundation  
260 # # |a Chicago  |a cPoetry Foundation, 
300 # # |a tr.;  |c 23cm 
310 # # |a Monthhly 
710 # # |a Poetry Foundation  
710 # # |a United States.  |b Cambridge University Press  
994 # # |a DLU 
900 # # |a True 
911 # # |a Nguyễn Thị Minh Cầm 
925 # # |a G 
926 # # |a A 
927 # # |a TT 
980 # # |a Thư viện Trường Đại học Đà Lạt